| 000 | 01206nam0a2200349 4500 | ||
|---|---|---|---|
| 001 | RU\NLR\BIBL_A\011108719 | ||
| 005 | 20250625204815.0 | ||
| 010 | _a978-5-94962-220-9 | ||
| 021 |
_aRU _b2016-28980 _91862 |
||
| 035 | _a(NILC)RuMoRGB-008275204 | ||
| 035 | _a(NLR Aleph) 011108719 | ||
| 090 |
_a11462619 _c11462619 |
||
| 100 | _a20160427d2016 |||y0rusy50 ca | ||
| 101 | 0 | _aeng | |
| 102 | _aRU | ||
| 105 | _ay z 000ay | ||
| 200 | 1 |
_aDandelion wine _fby Ray Bradbury |
|
| 210 |
_aСанкт-Петербург _cАнтология _d2016 |
||
| 215 |
_a286, [1] с. _d17 |
||
| 225 | 1 | _aMy favourite fiction | |
| 300 | _aНа 4-й с. обл.: Вино из одуванчиков / Рэй Брэдбери | ||
| 333 | _a16+ | ||
| 517 | 1 | _aВино из одуванчиков | |
| 541 | 0 |
_aВино из одуванчиков _zrus |
|
| 606 | 1 |
_aАнглийский язык _jКниги для чтения _9972309 _3RU\NLR\AUTH\6646032 |
|
| 686 | 1 | _aШ143.21-93рус91 | |
| 700 | 1 |
_7ba _8eng _aBradbury _bR. _f1920-2012 _gRay _9144542 _3RU\NLR\AUTH\770144578 |
|
| 801 | 0 |
_aRU _bРГБ _c20160411 _gRCR |
|
| 942 | _cBOOK | ||
| 980 | _aNB | ||